000 01207nmc a2200385 a 4500
003 AR-BaBNM
005 20251128205854.0
008 011101s1985 ||||||||||||||000 | spa||
020 _a84-277-0693-6
040 _cAR-BaBNM
100 1 _aDelorme, Charles
245 1 0 _aDe la animación pedagógica a la investigación-acción
_bperspectivas para la innovación escolar
260 _aMadrid
_bNarcea
_c1985
300 0 _a254 p.
_bgráfs.
490 0 _aEducación hoy. Estudios
500 0 _aAnexos: p. 233-240
500 0 _aIndice de autores: p. 249-251
500 0 _aIndice temático: p. 252-254
504 _aBibliografía: p. 241-248
610 2 4 _aCentre d'Etudes Pedagogiques pour l'Experimentation et le Conseil [Francia]
650 4 _aPEDAGOGIA
650 4 _aANIMACION CULTURAL
650 4 _aMETODOS DE ANIMACION
650 4 _aPSICOSOCIOLOGIA DE LA EDUCACION
650 4 _aAUTOGESTION
650 4 _aMETODOS DE INVESTIGACION
651 4 _aFrancia
653 0 _aINVESTIGACION ACCION
653 0 _aINVESTIGACION EDUCATIVA
653 0 _aCAMBIO EDUCATIVO
653 0 _aINNOVACIONES EDUCATIVAS
700 1 _aSolana, Guillermo
_etraductor
942 _cBK
998 _carturo
999 _c13103
_d13103